Электрогидравлические и электропневматические системы автоматики. 1974-1977 гг. (553 назв.): указатель литературы

Opis bibliograficzny
Korporacja: Ленинградский политехнический институт им. М. И. Калинина
Kolejni autorzy: Тихомирова Т. У. (составитель), Нагорный В. С. (редактор)
Streszczenie:Исключено из фонда НТБ ТПУ
Język:rosyjski
Wydane: Ленинград, [Б. и.], 1979
Format: MixedMaterials Książka
KOHA link:https://koha.lib.tpu.ru/cgi-bin/koha/opac-detail.pl?biblionumber=103494

MARC

LEADER 00000nam0a2200000 4500
001 103494
005 20231031113653.0
035 |a (RuTPU)RU\TPU\book\111585 
090 |a 103494 
100 |a 20061018d1979 u y0rusy50 ca 
101 0 |a rus 
102 |a RU 
105 |a y a 001zy 
200 1 |a Электрогидравлические и электропневматические системы автоматики. 1974-1977 гг. (553 назв.)  |e указатель литературы  |f Ленинградский политехнический институт им. М. И. Калинина; сост. Т. У. Тихомирова; под ред. В. С. Нагорного 
210 |a Ленинград  |c [Б. и.]  |d 1979 
215 |a 88 с. 
333 |a Исключено из фонда НТБ ТПУ 
702 1 |a Тихомирова  |b Т. У.  |4 220 
702 1 |a Нагорный  |b В. С.  |4 340 
712 0 2 |a Ленинградский политехнический институт им. М. И. Калинина 
801 1 |a RU  |b 63413507  |c 20061018  |g PSBO 
801 2 |a RU  |b 63413507  |c 20210115  |g PSBO 
942 |c BK